| 000 | 00827nas a2200253 4500 | ||
|---|---|---|---|
| 001 | BR2012004148 | ||
| 003 | BR-BrBNA | ||
| 005 | 20231205120655.0 | ||
| 007 | ta | ||
| 008 | 230509b bl.|||p| |||| 00| 00por d | ||
| 040 |
_aBR-BrBNA _bpor _cBiblioteca Nacional de Agricultura |
||
| 041 | _a(Pt) | ||
| 072 | _aM40 | ||
| 100 | 1 | _aRosa, Z.M. | |
| 100 | 1 | _aMiranda-Kiesslich, A.L. | |
| 245 | 1 | _aO gênero Pediastrum Meyen (CHLOROCOCCALES-HYDROCICTYACEAE)do Sistema Lagunar da Região Litoral do Rio Grande do Sul, Brasil | |
| 650 | _aTAXONOMIA VEGETAL | ||
| 650 | _aRIO GRANDE DO SUL | ||
| 650 | _aCHOROPHYCEAE | ||
| 650 | _aALGA VERDE | ||
| 773 | 0 |
_tIheringia. Série Botânica (Brazil) _xISSN 0073-4705 _g(Nov 1988), v. 38 p. 149-169 _wBR2012004148 |
|
| 909 |
_a202311 _bLúcia _c55 _dLúcia Elande |
||
| 942 |
_2AGRIS _n0 _cANA |
||
| 999 |
_c219702 _d219702 |
||